Guide to the Red Book (Record no. 103287)

MARC details
000 -LEADER
fixed length control field 01023cam a2200289 4500
001 - CONTROL NUMBER
control field J12487
008 - FIXED-LENGTH DATA ELEMENTS--GENERAL INFORMATION
fixed length control field 040112n2003 000 0 eng u
035 ## - SYSTEM CONTROL NUMBER
System control number (Sirsi) u124827
041 ## - LANGUAGE CODE
Language code of text/sound track or separate title eng
050 ## - LIBRARY OF CONGRESS CALL NUMBER
Classification number 333.332
-- 18
100 ## - MAIN ENTRY--PERSONAL NAME
Personal name Land, Howard
245 ## - TITLE STATEMENT
Title Guide to the Red Book
Medium [sound recording]
260 ## - PUBLICATION, DISTRIBUTION, ETC.
Place of publication, distribution, etc. London
Name of publisher, distributor, etc. RICS
Date of publication, distribution, etc. 2003
300 ## - PHYSICAL DESCRIPTION
Extent 1 audio CD (ca. 60 min.)
350 ## - PRICE (NR) (BK AM CF MU VM SE) [OBSOLETE]
Price 15
490 ## - SERIES STATEMENT
Series statement RICS Soundtrack
520 ## - SUMMARY, ETC.
Summary, etc. Guide to fifth edition of the "RICS appraisal and valuation standards" or Red Book (ISBN 1842191233), covering its new structure and content. The Red Book standards cover the valuation of land, buildings and plant and machinery and are mandatory for chartered surveyors
650 ## - SUBJECT ADDED ENTRY--TOPICAL TERM
Topical term or geographic name entry element ASSET VALUATION
650 ## - SUBJECT ADDED ENTRY--TOPICAL TERM
Topical term or geographic name entry element VALUATION REPORTS
650 ## - SUBJECT ADDED ENTRY--TOPICAL TERM
Topical term or geographic name entry element RICS appraisal and valuation standards
690 ## - LOCAL SUBJECT ADDED ENTRY--TOPICAL TERM (OCLC, RLIN)
Topical term or geographic name as entry element PROPERTY-PROPERTY APPRAISAL AND VALUATION
700 ## - ADDED ENTRY--PERSONAL NAME
Personal name Cherry, Andrew
700 ## - ADDED ENTRY--PERSONAL NAME
Personal name Thorne, Chris
700 ## - ADDED ENTRY--PERSONAL NAME
Personal name Hall, Barry
700 ## - ADDED ENTRY--PERSONAL NAME
Personal name Land, Howard
942 ## - ADDED ENTRY ELEMENTS (KOHA)
Suppress in OPAC 0
Holdings
Withdrawn status Lost status Damaged status Not for loan Home library Current library Shelving location Date acquired Cost, normal purchase price Total Checkouts Full call number Barcode Date last seen Date last checked out Copy number Cost, replacement price Price effective from Koha item type Source of classification or shelving scheme
  Missing     London London Missing 03/02/2004 15.00 4 BASEMENT 7 30069003 06/08/2019 18/06/2004 1 15.00 06/08/2019 Audio  
        London London Enquiry desk 03/02/2004 15.00 21 BASEMENT 7 30069005 06/08/2019 30/11/2006 2 15.00 06/08/2019 Audio Dewey Decimal Classification
        London London Enquiry desk 03/02/2004 15.00 29 BASEMENT 7 30069006 06/08/2019 17/10/2007 3 15.00 06/08/2019 Audio Dewey Decimal Classification